[Event "HEM 2013 B Turnier"]
[Site "Korbach"]
[Date "2013.03.30"]
[Round "6.1"]
[White "Meul, Willi"]
[Black "Kies, Wolfgang"]
[Result "1/2-1/2"]
[WhiteElo "1854"]
[BlackElo "1894"]
[PlyCount "70"]
[EventDate "2013.??.??"]
[WhiteTeam "SV 1925 Hürth-Berrenra"]
[BlackTeam "SC Marsberg e.V."]

1. d4 d5 2. Nf3 Nf6 3. e3 Bf5 4. c4 c6 5. Nc3 e6 6. Be2 Bd6 7. O-O O-O 8. b3
Nbd7 9. Bb2 h6 10. Nd2 Qc7 11. f4 Bb4 12. a3 Bxc3 13. Bxc3 Ne4 14. Nxe4 Bxe4
15. Bd3 Bxd3 16. Qxd3 Nf6 17. Bb4 Rfe8 18. a4 Ne4 19. Bc3 f5 20. c5 g5 21. Be1
Kh8 22. Ra2 Rg8 23. b4 Rg6 24. b5 Rag8 25. Rb2 Qg7 26. g3 gxf4 27. exf4 h5 28.
Rf3 h4 29. Rg2 hxg3 30. hxg3 Rh6 31. Kf1 Rh1+ 32. Ke2 Qh7 33. Rf1 Qh5+ 34. Qf3
Qxf3+ 35. Rxf3 Rh7 1/2-1/2

[Event "HEM 2013 B Turnier"]
[Site "Korbach"]
[Date "2013.03.30"]
[Round "6.2"]
[White "Kuehn, Thomas"]
[Black "Henkel, Volker"]
[Result "0-1"]
[WhiteElo "1913"]
[BlackElo "1950"]
[PlyCount "64"]
[EventDate "2013.??.??"]
[WhiteTeam "Sfr. Braunfels e. V."]
[BlackTeam "SC Rochade 1963 Beckum"]

1. f4 e5 2. fxe5 d6 3. exd6 Bxd6 4. Nf3 g5 5. g3 g4 6. Nh4 Ne7 7. d4 Ng6 8.
Nxg6 hxg6 9. Qd3 Nc6 10. Bd2 Nxd4 11. Bg2 Nf5 12. e4 Ne7 13. Bc3 Rh5 14. Nd2
Nc6 15. Nc4 Be6 16. Nxd6+ Qxd6 17. Qxd6 cxd6 18. O-O-O O-O-O 19. Bf6 Rd7 20.
Rd3 d5 21. exd5 Bxd5 22. Bxd5 Rhxd5 23. Rxd5 Rxd5 24. Rf1 Rf5 25. Rxf5 gxf5 26.
c3 Kd7 27. Kd2 Ke6 28. Bd4 b6 29. Ke3 f6 30. a4 Ne5 31. b4 Nf3 32. h3 Nxd4 0-1

[Event "HEM 2013 B Turnier"]
[Site "Korbach"]
[Date "2013.03.30"]
[Round "6.3"]
[White "Popov, Vadim"]
[Black "Lages, Karl Heinz"]
[Result "1/2-1/2"]
[WhiteElo "1688"]
[BlackElo "1917"]
[PlyCount "81"]
[EventDate "2013.??.??"]
[WhiteTeam "SK 1858 Gießen"]
[BlackTeam "Sfr. Korbach"]

1. d4 Nf6 2. Nf3 g6 3. c4 Bg7 4. Nc3 d5 5. cxd5 Nxd5 6. e4 Nxc3 7. bxc3 c5 8.
Bb5+ Bd7 9. Bxd7+ Nxd7 10. O-O O-O 11. Rb1 b6 12. Bf4 Nf6 13. Qc2 cxd4 14. cxd4
Rc8 15. Qe2 Qd7 16. h3 Qa4 17. Rfc1 Rfd8 18. Rxc8 Rxc8 19. Rc1 Rxc1+ 20. Bxc1
Qc6 21. Bg5 Nxe4 22. Bxe7 Qc1+ 23. Ne1 Nc3 24. Qe3 Qxe3 25. fxe3 Nd5 26. Bg5 f6
27. Bf4 Nxf4 28. exf4 Kf7 29. Kf2 Ke6 30. Ke3 Kd5 31. Kd3 b5 32. Nc2 a5 33.
Ne3+ Ke6 34. d5+ Kd6 35. f5 Ke5 36. g4 g5 37. d6 Kxd6 38. Kd4 Kc6 39. Nd5 a4
40. Nb4+ Kd6 41. Nd5 1/2-1/2

[Event "HEM 2013 B Turnier"]
[Site "Korbach"]
[Date "2013.03.30"]
[Round "6.4"]
[White "Rolf, Marco"]
[Black "Hesse, Klaus Dieter"]
[Result "1-0"]
[WhiteElo "1864"]
[BlackElo "1927"]
[PlyCount "79"]
[EventDate "2013.??.??"]
[WhiteTeam "SK Bad Homburg 1927"]
[BlackTeam "SK Stadtallendorf"]

1. d4 Nf6 2. c4 g6 3. Nc3 d5 4. Bf4 c6 5. e3 Bg7 6. Nf3 O-O 7. Bd3 Bg4 8. h3
Bxf3 9. Qxf3 dxc4 10. Bxc4 Nbd7 11. O-O Nb6 12. Bb3 Nfd5 13. Bh2 e6 14. Rad1
Qf6 15. Qe2 Nxc3 16. bxc3 Rad8 17. c4 Rd7 18. a4 Re8 19. a5 Nc8 20. Ba4 Ne7 21.
Rb1 Nf5 22. a6 Qe7 23. axb7 Rxb7 24. g4 Rxb1 25. Rxb1 Nd6 26. Bxc6 Rc8 27. Bb5
e5 28. Ba6 Rf8 29. c5 Ne4 30. Rb7 Qh4 31. Qf3 f5 32. Bxe5 Bxe5 33. dxe5 Ng5 34.
Qg3 Nxh3+ 35. Kg2 Qxg3+ 36. Kxg3 fxg4 37. Bc4+ Kh8 38. Rf7 Rc8 39. e6 Ng5 40.
e7 1-0

[Event "HEM 2013 B Turnier"]
[Site "Korbach"]
[Date "2013.03.30"]
[Round "6.5"]
[White "Wagner, Thomas"]
[Black "Tschoepe, Nino"]
[Result "1/2-1/2"]
[WhiteElo "1941"]
[BlackElo "1871"]
[PlyCount "36"]
[EventDate "2013.??.??"]
[WhiteTeam "SC Langenbieber"]
[BlackTeam "SC Marsberg e.V."]

1. d4 Nf6 2. Nc3 d5 3. Nf3 c5 4. Bf4 Nc6 5. e3 Bg4 6. Be2 e6 7. O-O Be7 8. dxc5
Bxc5 9. Nb5 O-O 10. c3 a6 11. Nbd4 Nxd4 12. Nxd4 Bxe2 13. Qxe2 Ne4 14. Qh5 Bd6
15. f3 Nf6 16. Qg5 h6 17. Qg3 Nh5 18. Qg4 Nf6 1/2-1/2

[Event "HEM 2013 B Turnier"]
[Site "Korbach"]
[Date "2013.03.30"]
[Round "6.6"]
[White "Braeutigam, Walter"]
[Black "Siebald, Joerg"]
[Result "1-0"]
[WhiteElo "1770"]
[BlackElo "1579"]
[PlyCount "59"]
[EventDate "2013.??.??"]
[WhiteTeam "SpVg. Möhnesee von 1921 e.V."]
[BlackTeam "SC Rochade Emsdetten"]

1. c4 Nf6 2. Nc3 g6 3. g3 Bg7 4. Bg2 O-O 5. e4 d6 6. Nge2 e5 7. O-O Nc6 8. d3
Rb8 9. f4 exf4 10. Bxf4 Nh5 11. Be3 f5 12. Qd2 Re8 13. Bg5 Bf6 14. Bh6 Bg7 15.
Rf2 Nd4 16. Nxd4 Bxd4 17. Be3 Bxe3 18. Qxe3 b6 19. Raf1 Bb7 20. Qh6 f4 21. gxf4
Qe7 22. f5 Qg7 23. Qg5 Rf8 24. f6 Qf7 25. Bh3 Rbe8 26. Nd5 Re5 27. Qh4 g5 28.
Qg4 Bc8 29. Ne7+ Rxe7 30. fxe7 1-0

[Event "HEM 2013 B Turnier"]
[Site "Korbach"]
[Date "2013.03.30"]
[Round "6.7"]
[White "Goebel, Knut"]
[Black "Foerster, Rudi"]
[Result "1/2-1/2"]
[WhiteElo "1644"]
[BlackElo "1882"]
[PlyCount "57"]
[EventDate "2013.??.??"]
[WhiteTeam "SC Ober-Ramstadt"]
[BlackTeam "Sfr. Braunfels e. V."]

1. d4 d5 2. c4 Nc6 3. Nc3 dxc4 4. e3 Bf5 5. Bxc4 e6 6. Nge2 Nf6 7. Ng3 Bg6 8.
a3 Bd6 9. Bd3 Qd7 10. Qc2 O-O-O 11. Bd2 Bxg3 12. hxg3 e5 13. Ne4 Nxe4 14. Bxe4
exd4 15. Bxc6 bxc6 16. Qa4 Kb7 17. O-O c5 18. Qa5 Qd5 19. Rfc1 c4 20. Qb4+ Kc8
21. Qxc4 Qxc4 22. Rxc4 d3 23. Rac1 Rd7 24. b4 Re8 25. a4 Re4 26. f3 Rxc4 27.
Rxc4 f6 28. Kf2 Bf7 29. Rc5 1/2-1/2

[Event "HEM 2013 B Turnier"]
[Site "Korbach"]
[Date "2013.03.30"]
[Round "6.8"]
[White "Herbst, Alexander"]
[Black "Zalewski, Ulrich"]
[Result "1/2-1/2"]
[WhiteElo "1597"]
[BlackElo "1798"]
[PlyCount "34"]
[EventDate "2013.??.??"]
[WhiteTeam "SC Langenbieber"]
[BlackTeam "SK 1858 Gießen"]

1. e4 e5 2. Nf3 Nf6 3. Bc4 Nxe4 4. Nc3 Nxc3 5. dxc3 f6 6. O-O d6 7. Nh4 g6 8.
f4 Qe7 9. fxe5 dxe5 10. Be3 Nc6 11. Qd5 Bd7 12. b4 O-O-O 13. Qf3 f5 14. Qf2 b6
15. Nf3 Bg7 16. Bg5 Bf6 17. Bxf6 Qxf6 1/2-1/2

[Event "HEM 2013 B Turnier"]
[Site "Korbach"]
[Date "2013.03.30"]
[Round "6.9"]
[White "Shkolnyk, Boris"]
[Black "Engel, Markus"]
[Result "1-0"]
[WhiteElo "1892"]
[BlackElo "1415"]
[PlyCount "77"]
[EventDate "2013.??.??"]
[WhiteTeam "Sfr. Korbach"]
[BlackTeam "Kasseler SK 1876"]

1. d4 Nf6 2. Nf3 g6 3. g3 Bg7 4. c4 d6 5. Nc3 Nbd7 6. Bg2 O-O 7. O-O c6 8. e4
e5 9. d5 Nb6 10. Qb3 Bd7 11. a4 Rb8 12. Be3 c5 13. h3 a5 14. Nxe5 Qc7 15. Nxd7
Nbxd7 16. Nb5 Qb6 17. Qc2 Ne8 18. Bg5 f6 19. Bd2 Qd8 20. h4 b6 21. Bh3 Ne5 22.
f4 Nf7 23. Na7 Qc7 24. Nc6 Rb7 25. Be6 Kh8 26. Bxf7 Rxf7 27. Kg2 Qd7 28. Rae1
Rc7 29. Bc3 Rxc6 30. dxc6 Qxc6 31. Kh2 Qd7 32. b3 Qg4 33. Qd1 Qd7 34. Rf3 Nc7
35. Rd3 Bf8 36. e5 fxe5 37. Bxe5+ Kg8 38. Bxd6 Bxd6 39. Rxd6 1-0

[Event "HEM 2013 B Turnier"]
[Site "Korbach"]
[Date "2013.03.30"]
[Round "6.10"]
[White "Alefs, Willi"]
[Black "Ackermann, Emil"]
[Result "0-1"]
[WhiteElo "1898"]
[BlackElo "1703"]
[PlyCount "108"]
[EventDate "2013.??.??"]
[WhiteTeam "SC Fuldatal"]
[BlackTeam "SV Anderssen Arolsen"]

1. c4 Nf6 2. Nc3 g6 3. Nf3 Bg7 4. e3 O-O 5. d4 d6 6. b3 a6 7. Bb2 Nc6 8. a3 Bg4
9. h3 Bd7 10. Bd3 e6 11. O-O Re8 12. Qc2 Bc8 13. Rfe1 b6 14. Rad1 Bb7 15. Ne2
Qd7 16. Ng3 Rad8 17. e4 e5 18. d5 Ne7 19. Bc1 Rf8 20. Be3 a5 21. Qd2 Ne8 22. h4
Bc8 23. Nh2 f5 24. exf5 Nxf5 25. Nxf5 gxf5 26. f3 Qf7 27. g3 Nf6 28. Bg5 Rde8
29. Kh1 Nh5 30. Rg1 f4 31. gxf4 Nxf4 32. Bxf4 Qxf4 33. Qg2 Rf7 34. h5 Kh8 35.
Rde1 Qh6 36. Qg5 Ref8 37. Rg3 Qxg5 38. Rxg5 Bh6 39. Rg2 Bf4 40. Ng4 Rg7 41.
Reg1 Rg5 42. Re2 Rxh5+ 43. Kg2 Rg8 44. Kf1 Rh3 45. Be4 Bxg4 46. Reg2 Be3 47.
Rxg4 Bxg1 48. Rxg8+ Kxg8 49. Kxg1 Kg7 50. Kg2 Rh4 51. b4 Kf6 52. c5 Kg5 53.
bxa5 bxa5 54. c6 Rxe4 0-1

[Event "HEM 2013 B Turnier"]
[Site "Korbach"]
[Date "2013.03.30"]
[Round "6.11"]
[White "Friedrich, Helmut"]
[Black "Reichel, Rolf"]
[Result "1-0"]
[WhiteElo "1696"]
[BlackElo "1776"]
[PlyCount "74"]
[EventDate "2013.??.??"]
[WhiteTeam "SC Schachmatt Weiterstadt"]
[BlackTeam "Sfr. Frankfurt 1921"]

1. e4 c5 2. Nf3 Nc6 3. d4 cxd4 4. Nxd4 d6 5. Nc3 a6 6. Be3 e6 7. Be2 Nf6 8. Qd2
Qc7 9. f4 e5 10. Nf3 Bd7 11. f5 b5 12. a3 Be7 13. h3 Na5 14. O-O Nc4 15. Bxc4
bxc4 16. Qf2 Qb7 17. Qg3 Qxb2 18. Nd5 Nxd5 19. exd5 Bf6 20. Bg5 Ke7 21. Rae1
Kd8 22. Bxf6+ gxf6 23. Qg7 Ke7 24. Rb1 Qxa3 25. Rb7 Qc5+ 26. Kh2 Qxd5 27. Rfb1
Rag8 28. Qh6 e4 29. Qe3 Qxf5 30. Rxd7+ Qxd7 31. Qxe4+ Qe6 32. Rb7+ Kf8 33. Qh4
h6 34. Nd4 Rxg2+ 35. Kxg2 Qd5+ 36. Kh2 Qxb7 37. Qxf6 Rh7 1-0

[Event "HEM 2013 B Turnier"]
[Site "Korbach"]
[Date "2013.03.30"]
[Round "6.12"]
[White "Renk, Cornelius"]
[Black "Langhammer, Joerg"]
[Result "1-0"]
[WhiteElo "1837"]
[BlackElo "1721"]
[PlyCount "55"]
[EventDate "2013.??.??"]
[WhiteTeam "SC Marsberg e.V."]
[BlackTeam "SF Kirchhellen 50/72e"]

1. d4 Nf6 2. c4 e6 3. Nc3 Bb4 4. Qc2 d5 5. Bg5 h6 6. Bxf6 Qxf6 7. Nf3 Nd7 8. e3
b6 9. cxd5 exd5 10. Bd3 c5 11. O-O Bxc3 12. Qxc3 O-O 13. Rac1 Qd6 14. Bb1 c4
15. Qc2 Nf6 16. Ne5 g6 17. Nxg6 fxg6 18. Qxg6+ Kh8 19. Qxh6+ Kg8 20. Qg6+ Kh8
21. f4 Qe7 22. Qh6+ Kg8 23. Rf3 Ne4 24. Bxe4 Qxe4 25. Rg3+ Kf7 26. Rg7+ Ke8 27.
Qc6+ Kd8 28. Re1 1-0

[Event "HEM 2013 B Turnier"]
[Site "Korbach"]
[Date "2013.03.30"]
[Round "6.13"]
[White "Benedikt, Alexander"]
[Black "Rubruck, Eberhard"]
[Result "0-1"]
[WhiteElo "1775"]
[BlackElo "1835"]
[PlyCount "86"]
[EventDate "2013.??.??"]
[WhiteTeam "Sfr. Bad Emstal 1993"]
[BlackTeam "SK Bad Sooden-Allendorf"]

1. d4 Nf6 2. Nf3 e6 3. Nc3 d5 4. a3 c5 5. e3 Nc6 6. Bb5 Bd7 7. Bxc6 Bxc6 8. O-O
Nd7 9. Ne2 c4 10. Ng3 Bd6 11. Bd2 Qe7 12. Qe1 Qd8 13. Bb4 Bc7 14. Qe2 a5 15.
Bd2 b6 16. Rfc1 h5 17. Nf1 Bb7 18. Bc3 Qf6 19. N1d2 g5 20. e4 g4 21. Ne1 O-O-O
22. e5 Qg6 23. f3 Rh7 24. fxg4 hxg4 25. g3 Nxe5 26. dxe5 d4 27. Bxa5 bxa5 28.
Ng2 Qh5 29. Nf4 Qxe5 30. Qxe5 Bxe5 31. Nxc4 Bc7 32. Rd1 e5 33. Ng2 f5 34. Rf1
Bxg2 35. Kxg2 Rdh8 36. Rh1 f4 37. gxf4 exf4 38. Rad1 f3+ 39. Kf1 Rxh2 40. Rxh2
Rxh2 41. Rxd4 Bg3 42. Kg1 f2+ 43. Kf1 Rh1+ 0-1

[Event "HEM 2013 B Turnier"]
[Site "Korbach"]
[Date "2013.03.30"]
[Round "6.14"]
[White "Wuestehube, Harry"]
[Black "Kienel, Michael"]
[Result "1-0"]
[WhiteElo "1912"]
[BlackElo "1497"]
[PlyCount "59"]
[EventDate "2013.??.??"]
[WhiteTeam "Kasseler SK 1876"]
[BlackTeam "Peiner SV"]

1. e4 e5 2. Nf3 Nc6 3. Bb5 a6 4. Bxc6 dxc6 5. O-O Bg4 6. h3 h5 7. d3 Bxf3 8.
Qxf3 Qd7 9. Nc3 f6 10. Be3 Bd6 11. a3 Ne7 12. b4 O-O-O 13. Na4 Rdf8 14. Nc5
Bxc5 15. bxc5 g5 16. Qe2 Ng6 17. f3 Rhg8 18. Qf2 Nf4 19. Bxf4 exf4 20. Rab1 f5
21. exf5 Qxf5 22. Rb4 Rg7 23. Rfb1 Rfg8 24. Rxb7 Qf6 25. Rb8+ Kd7 26. Rxg8 Rxg8
27. Rb4 Qa1+ 28. Kh2 Kc8 29. Qe2 Kd8 30. Rb8+ 1-0

[Event "HEM 2013 B Turnier"]
[Site "Korbach"]
[Date "2013.03.30"]
[Round "6.15"]
[White "Becker, Robin"]
[Black "Bickmann, Uwe"]
[Result "1/2-1/2"]
[WhiteElo "1454"]
[BlackElo "1782"]
[PlyCount "77"]
[EventDate "2013.??.??"]
[WhiteTeam "SV Meschede e.V."]
[BlackTeam "SC Marsberg e.V."]

1. e4 c5 2. c3 d5 3. exd5 Qxd5 4. d4 Nf6 5. Nf3 e6 6. Na3 Be7 7. Bc4 Qd8 8. Nc2
O-O 9. O-O Nbd7 10. dxc5 Bxc5 11. Be3 Qc7 12. Qe2 Nb6 13. Bb3 Nbd5 14. Bxc5
Qxc5 15. Qe5 Qc7 16. Rfe1 Qxe5 17. Nxe5 b6 18. Nd4 Bb7 19. g3 Ne7 20. Rad1 Ng6
21. Ndf3 Nxe5 22. Nxe5 Nd5 23. c4 Nf6 24. Nd7 Rfd8 25. Nxf6+ gxf6 26. Rxd8+
Rxd8 27. Rd1 Rxd1+ 28. Bxd1 Be4 29. Be2 Kg7 30. Kf1 f5 31. Ke1 Kf6 32. f4 e5
33. Kd2 Ke6 34. b4 Kd6 35. a4 a5 36. c5+ bxc5 37. bxa5 Bc6 38. Bb5 e4 39. a6
1/2-1/2

[Event "HEM 2013 B Turnier"]
[Site "Korbach"]
[Date "2013.03.30"]
[Round "6.16"]
[White "Kronenburg, Bernd"]
[Black "Bekkink, Joey"]
[Result "1/2-1/2"]
[WhiteElo "1786"]
[BlackElo "1496"]
[PlyCount "94"]
[EventDate "2013.??.??"]
[WhiteTeam "SV 1929 Raunheim"]
[BlackTeam "Caissa Eenhoorn"]

1. c4 Nf6 2. e3 g6 3. d4 Bg7 4. Nf3 d6 5. Be2 O-O 6. O-O Nbd7 7. Nc3 e5 8. d5
a5 9. Rb1 Nc5 10. b4 axb4 11. Rxb4 Ne8 12. Na4 Nxa4 13. Rxa4 Rxa4 14. Qxa4 f5
15. Qb3 b6 16. Ba3 Bd7 17. h3 g5 18. Re1 h5 19. Nd2 g4 20. hxg4 hxg4 21. g3 Qf6
22. Kg2 Kf7 23. Rh1 Rh8 24. Qd1 Rxh1 25. Qxh1 Qh6 26. Qxh6 Bxh6 27. Bc1 Nf6 28.
Bd3 Nh5 29. Nb1 Nf6 30. Nc3 Ng8 31. Nb5 Bxb5 32. cxb5 e4 33. Bc4 Bg7 34. Bd2
Ne7 35. a4 Nc8 36. Kf1 Ke7 37. Ke2 Kf7 38. Kd1 Ke7 39. Kc2 Kf7 40. Kb3 Ke7 41.
Be2 Kf7 42. Bd1 Ke7 43. Kb4 Kf7 44. Bb3 Ke7 45. a5 Kf7 46. a6 Na7 47. Kc4 Ke7
1/2-1/2

[Event "HEM 2013 B Turnier"]
[Site "Korbach"]
[Date "2013.03.30"]
[Round "6.17"]
[White "Mierendorf, Werner"]
[Black "Meise, Jan"]
[Result "1-0"]
[WhiteElo "1603"]
[BlackElo "1454"]
[PlyCount "59"]
[EventDate "2013.??.??"]
[WhiteTeam "SK Upland-Willingen"]
[BlackTeam "ESV Rot-Weiß Göttingen"]

1. e4 e5 2. Nf3 Nc6 3. Bb5 a6 4. Ba4 Nf6 5. d4 b5 6. Bb3 exd4 7. e5 Qe7 8. O-O
Ne4 9. Bd5 Nc5 10. Nxd4 Bb7 11. Nf5 Qd8 12. Qf3 Ne6 13. Re1 g6 14. Nh6 Bxh6 15.
Bxh6 Ncd4 16. Qe4 Bxd5 17. Qxd5 Nxc2 18. Nc3 Nxa1 19. Rxa1 c6 20. Qd2 Qh4 21.
Rd1 O-O-O 22. g3 Qb4 23. a3 Qe7 24. Ne4 Kb8 25. Nd6 Rc8 26. Qa5 Nd8 27. Qb6+
Ka8 28. Qxa6+ Kb8 29. Qxc8+ Ka7 30. Be3+ 1-0

[Event "HEM 2013 B Turnier"]
[Site "Korbach"]
[Date "2013.03.30"]
[Round "6.18"]
[White "Dinslage, Klaus-Dieter"]
[Black "Pleyer, Christian"]
[Result "0-1"]
[WhiteElo "1540"]
[BlackElo "1486"]
[PlyCount "68"]
[EventDate "2013.??.??"]
[WhiteTeam "Bahn-SC Wuppertal"]
[BlackTeam "SC Langenbieber"]

1. e4 c5 2. Nf3 d6 3. Bc4 Nc6 4. d4 cxd4 5. Nxd4 Nf6 6. Nxc6 bxc6 7. Nc3 Bb7 8.
O-O g6 9. Bg5 Bg7 10. Re1 O-O 11. e5 dxe5 12. Rxe5 Qxd1+ 13. Rxd1 e6 14. Re3
Nd5 15. Nxd5 cxd5 16. Be2 Rfc8 17. Rd2 Bxb2 18. Rb3 Bc1 19. Rd1 Bxg5 20. Rxb7
Rxc2 21. Kf1 Rxa2 22. g3 Rc2 23. h4 Bf6 24. Bd3 Rb2 25. Rd7 a5 26. Rc1 Bd4 27.
h5 Rxf2+ 28. Ke1 gxh5 29. Rd1 Rf6 30. Bxh7+ Kxh7 31. Rxd4 a4 32. g4 a3 33. g5
Rf5 34. Rh4 Kg6 0-1

[Event "HEM 2013 B Turnier"]
[Site "Korbach"]
[Date "2013.03.30"]
[Round "6.19"]
[White "Krug, Franz-Dieter"]
[Black "Straschnej, Paul"]
[Result "1/2-1/2"]
[WhiteElo "1571"]
[BlackElo "1554"]
[PlyCount "137"]
[EventDate "2013.??.??"]
[WhiteTeam "SVigung 1928 Alsdorf e"]
[BlackTeam "Sfr. Bad Emstal 1993"]

1. d4 d5 2. c4 e6 3. Nc3 Nf6 4. cxd5 exd5 5. h3 Nc6 6. Nf3 Be7 7. e3 O-O 8. a3
Re8 9. Bd3 Bd6 10. O-O Ne7 11. Nb5 c6 12. Nxd6 Qxd6 13. Bd2 b6 14. Qc2 c5 15.
dxc5 bxc5 16. Bb5 Bf5 17. Bd3 Ne4 18. Nh4 Nxd2 19. Nxf5 Nxf5 20. Qxd2 Nh4 21.
Qd1 Re6 22. g3 Ng6 23. Be2 Ne5 24. Bf3 Nxf3+ 25. Qxf3 Rb8 26. Rad1 Rd8 27. Rd2
Qd7 28. Kg2 Rd6 29. Rfd1 d4 30. exd4 Rxd4 31. Rxd4 cxd4 32. Rd3 h6 33. b4 g5
34. Qf6 Qd5+ 35. Qf3 f5 36. Qxd5+ Rxd5 37. Kf3 Kf7 38. Ke2 g4 39. h4 Kf6 40. f3
Ke5 41. fxg4 fxg4 42. Kf2 Ke4 43. Ke2 a6 44. a4 Rd6 45. b5 axb5 46. axb5 Kd5
47. Rb3 Kc4 48. Rb1 Rb6 49. Rc1+ Kxb5 50. Kd3 Rd6 51. Ke4 Kb4 52. Kf4 d3 53.
Kxg4 d2 54. Rd1 Kc3 55. Kf5 Kc2 56. Rxd2+ Kxd2 57. g4 Ke3 58. g5 hxg5 59. hxg5
Rd5+ 60. Kf6 Kf4 61. g6 Rf5+ 62. Ke7 Ra5 63. g7 Ra7+ 64. Kf6 Ra6+ 65. Kf7 Kf5
66. g8=Q Ra7+ 67. Kf8 Ra8+ 68. Kg7 Rxg8+ 69. Kxg8 1/2-1/2

[Event "HEM 2013 B Turnier"]
[Site "Korbach"]
[Date "2013.03.30"]
[Round "6.20"]
[White "Martens, Nick"]
[Black "Grasmik, Waldemar"]
[Result "0-1"]
[WhiteElo "1747"]
[BlackElo "1599"]
[PlyCount "66"]
[EventDate "2013.??.??"]
[WhiteTeam "SF Battenberg"]
[BlackTeam "TSV 1876 Bad Kissingen"]

1. d4 d5 2. c4 c6 3. Nc3 a6 4. Nf3 g6 5. e3 h5 6. Qc2 Bf5 7. Bd3 Bxd3 8. Qxd3
e6 9. c5 Nf6 10. Bd2 Nbd7 11. O-O Ng4 12. a3 f5 13. Ne2 Qf6 14. b4 Bg7 15. Bc3
Qe7 16. Nf4 Qf6 17. a4 g5 18. Ne2 Nh6 19. g3 h4 20. b5 hxg3 21. fxg3 Ng4 22.
bxc6 bxc6 23. Kg2 Qh6 24. Rh1 Qh3+ 25. Kg1 Bh6 26. Rb1 Ndf6 27. Be1 Ne4 28. Rb6
f4 29. exf4 gxf4 30. gxf4 Rg8 31. Ng3 Bxf4 32. Rxc6 Be3+ 33. Qxe3 Nxe3 0-1

[Event "HEM 2013 B Turnier"]
[Site "Korbach"]
[Date "2013.03.30"]
[Round "6.21"]
[White "Johnen, Franz"]
[Black "Heidenreich, Gundolf"]
[Result "1-0"]
[WhiteElo "1764"]
[BlackElo "1429"]
[PlyCount "55"]
[EventDate "2013.??.??"]
[WhiteTeam "SVigung 1928 Alsdorf e"]
[BlackTeam "SK 1950 Vellmar"]

1. d4 e6 2. c4 c5 3. e3 Nc6 4. Nf3 Nf6 5. Nc3 b6 6. Be2 Bb7 7. O-O d6 8. d5
exd5 9. cxd5 Ne5 10. e4 Qe7 11. Bg5 h6 12. Nxe5 dxe5 13. Bb5+ Kd8 14. Bh4 Qd6
15. Bg3 Nd7 16. f4 f6 17. Qg4 a6 18. Bc6 Rb8 19. Rad1 Bc8 20. Qe6 Be7 21. Qf7
Kc7 22. Qxg7 Bb7 23. Bxd7 Kxd7 24. fxe5 fxe5 25. Qxe5 Qxe5 26. Bxe5 Rbf8 27.
Bxh8 Rxh8 28. Rf7 1-0

[Event "HEM 2013 B Turnier"]
[Site "Korbach"]
[Date "2013.03.30"]
[Round "6.22"]
[White "Hoepfner, Michael"]
[Black "Naujocks, Christian"]
[Result "1/2-1/2"]
[WhiteElo "1300"]
[BlackElo "1639"]
[PlyCount "57"]
[EventDate "2013.??.??"]
[WhiteTeam "Kasseler SK 1876"]
[BlackTeam "Sfr. Korbach"]

1. f4 Nf6 2. e3 e6 3. Nf3 c5 4. b3 Nc6 5. Bb2 Be7 6. Bb5 O-O 7. O-O d5 8. Bxc6
bxc6 9. Ne5 Qb6 10. c4 d4 11. Qe1 a5 12. d3 a4 13. Nd2 Bd6 14. Nef3 dxe3 15.
Qxe3 Ng4 16. Qe2 Bxf4 17. Nh4 Bxh2+ 18. Kh1 e5 19. Nf5 h5 20. Ne7+ Kh8 21. Nxc8
Raxc8 22. Nf3 Bf4 23. Nxe5 Bxe5 24. Bxe5 Rce8 25. Rf5 Nf6 26. Rxh5+ Nxh5 27.
Qxh5+ Kg8 28. Bxg7 Kxg7 29. Qg5+ 1/2-1/2

[Event "HEM 2013 B Turnier"]
[Site "Korbach"]
[Date "2013.03.30"]
[Round "6.23"]
[White "Ehmann, Johanna"]
[Black "Dresen, Dietmar"]
[Result "0-1"]
[WhiteElo "1096"]
[BlackElo "1660"]
[PlyCount "136"]
[EventDate "2013.??.??"]
[WhiteTeam "SF Sasbach e.V."]
[BlackTeam "Bedburger SV 1947 e.V."]

1. e4 d5 2. exd5 Nf6 3. Nc3 Nxd5 4. d4 Nxc3 5. bxc3 c6 6. Nf3 Bg4 7. Bf4 e6 8.
Bc4 Bd6 9. Bxd6 Qxd6 10. O-O O-O 11. Rb1 b6 12. a4 Nd7 13. Re1 Rae8 14. Bb3 Qf4
15. Qd2 Qxd2 16. Nxd2 e5 17. d5 cxd5 18. Bxd5 Nf6 19. c4 Nxd5 20. cxd5 f6 21.
f3 Bc8 22. c4 Rd8 23. Ne4 Bf5 24. Rbc1 Bxe4 25. Rxe4 Rc8 26. Ree1 Rfd8 27. Red1
Kf7 28. Kf2 Ke7 29. Ke3 Kd6 30. Kd3 Rc5 31. Rb1 Rdc8 32. Rdc1 Ra5 33. Ra1 f5
34. Rcb1 Re8 35. Rb5 Rxb5 36. axb5 Re7 37. Rd1 g5 38. g3 h5 39. h3 Rg7 40. g4
hxg4 41. hxg4 fxg4 42. fxg4 Rf7 43. Rh1 Rf3+ 44. Kd2 Kc5 45. Rc1 Rf4 46. Ke3
Rxg4 47. Kf3 Rd4 48. Re1 Kd6 49. Re4 Rd1 50. Kg4 Rd4 51. Kf5 Rxe4 52. Kxe4 g4
53. Ke3 Kc5 54. Ke2 e4 55. Kf2 Kd6 56. Kg2 e3 57. Kf1 g3 58. c5+ Kxc5 59. d6
Kxd6 60. Ke2 g2 61. Kxe3 g1=Q+ 62. Ke4 Qg4+ 63. Ke3 Kd5 64. Kd3 Qf3+ 65. Kd2
Kc4 66. Ke1 Qg2 67. Kd1 Kd3 68. Kc1 Qc2# 0-1

[Event "HEM 2013 B Turnier"]
[Site "Korbach"]
[Date "2013.03.30"]
[Round "6.24"]
[White "Buettner, Rudi"]
[Black "Seemke, Erwin"]
[Result "1/2-1/2"]
[WhiteElo "1462"]
[BlackElo "1162"]
[PlyCount "101"]
[EventDate "2013.??.??"]
[WhiteTeam "SK Bad Sooden-Allendorf"]
[BlackTeam "Sfr. Korbach"]

1. d4 d5 2. Nf3 Nc6 3. e3 Nf6 4. c4 dxc4 5. Bxc4 e6 6. O-O a6 7. Bd2 Ne4 8. Bd3
Nxd2 9. Nbxd2 Ne7 10. Rc1 Ng6 11. Nc4 Bd6 12. Bb1 O-O 13. Qc2 b5 14. Nxd6 cxd6
15. h4 f5 16. Qc7 Nxh4 17. Qxd8 Nxf3+ 18. gxf3 Rxd8 19. Kh2 Rd7 20. Rg1 Bb7 21.
e4 fxe4 22. fxe4 Rf8 23. Rg2 Rdf7 24. Kg1 Rf4 25. Rc7 R4f7 26. Rc3 e5 27. d5
Rc8 28. Rxc8+ Bxc8 29. Rg3 h5 30. Rc3 Bb7 31. Kg2 b4 32. Rc4 a5 33. b3 Kf8 34.
Rc1 Ke8 35. Bd3 Kd8 36. Be2 g6 37. Kg3 Rc7 38. Rxc7 Kxc7 39. Kh4 Bc8 40. Bb5
Kb6 41. Be8 Bg4 42. Bxg6 Bf3 43. Kg3 Bg4 44. Be8 Kc5 45. f3 Bc8 46. Bxh5 Kd4
47. Be8 Ba6 48. Kf2 Bd3 49. Ke1 Bb1 50. Kd2 Bd3 51. Bh5 1/2-1/2

[Event "HEM 2013 B Turnier"]
[Site "Korbach"]
[Date "2013.03.30"]
[Round "6.25"]
[White "Lorch, Alexander"]
[Black "Wolff, Beate"]
[Result "1/2-1/2"]
[WhiteElo "1365"]
[BlackElo "905"]
[PlyCount "144"]
[EventDate "2013.??.??"]
[WhiteTeam "SC Eschwege"]
[BlackTeam "VSG 1880 Offenbach"]

1. d4 c6 2. c4 d5 3. Nc3 Nf6 4. cxd5 cxd5 5. Nf3 Bf5 6. Bf4 Nbd7 7. Nb5 Qa5+ 8.
Nc3 e6 9. a3 Ne4 10. b4 Nxc3 11. bxa5 Nxd1 12. Kxd1 Rc8 13. Ra2 Be7 14. e3 O-O
15. Bb5 Rfd8 16. Kd2 a6 17. Bd3 Be4 18. Bxe4 dxe4 19. Ne1 Nf8 20. Nc2 Ng6 21.
Bg3 e5 22. Ke2 exd4 23. Nxd4 Rc5 24. Rb1 Rd7 25. Rc2 h6 26. Rxc5 Bxc5 27. Nc2
Ne7 28. Nb4 Nc6 29. h3 Nxa5 30. Be5 g6 31. Bc3 Nc4 32. Rb3 Na5 33. Rb1 Nc4 34.
a4 a5 35. Nc2 b6 36. Nd4 Na3 37. Rb3 Nc4 38. Nc6 Kh7 39. Nb8 Rd3 40. Nd7 Rxd7
41. Be1 Na3 42. Rc3 Nb1 43. Rc1 Na3 44. Bxa5 bxa5 45. Rxc5 Ra7 46. Re5 f5 47.
g4 Nc4 48. Re6 Rf7 49. gxf5 gxf5 50. Rc6 Ne5 51. Rc5 Nf3 52. Rxa5 Ng1+ 53. Kf1
Nxh3 54. Ra6 Rc7 55. Kg2 Ng5 56. Rb6 Nf7 57. a5 Ra7 58. a6 Nd8 59. Rb8 Nc6 60.
Rb7+ Rxb7 61. axb7 h5 62. Kg3 Kg6 63. Kh4 Nb8 64. Kg3 Kg5 65. Kh3 h4 66. Kh2
Kg4 67. Kg2 h3+ 68. Kh2 Kh4 69. Kg1 Kg4 70. Kh2 Kh4 71. Kg1 Kg4 72. Kh2 Kh4
1/2-1/2

[Event "HEM 2013 B Turnier"]
[Site "Korbach"]
[Date "2013.03.30"]
[Round "6.26"]
[White "Weber, Stefan"]
[Black "Pabst, Olaf"]
[Result "1/2-1/2"]
[WhiteElo "1512"]
[BlackElo "1681"]
[PlyCount "49"]
[EventDate "2013.??.??"]
[WhiteTeam "Sfr. Korbach"]
[BlackTeam "Sfr. Korbach"]

1. e4 g6 2. f4 Bg7 3. Bc4 e6 4. Qf3 c5 5. c3 Nc6 6. Ne2 Nge7 7. e5 d5 8. Bb3
Nf5 9. Qf2 b6 10. Bc2 Bd7 11. Bxf5 exf5 12. d4 cxd4 13. Nxd4 Nxd4 14. cxd4 O-O
15. Nc3 Be6 16. b3 Qd7 17. a4 a6 18. Ba3 Rfc8 19. Rc1 Bf8 20. Bxf8 Kxf8 21. Qh4
Kg8 22. Qf6 Qd8 23. Qxd8+ Rxd8 24. Ne2 Rdc8 25. Kf2 1/2-1/2